[Event "4NCL Division Two"]
[Site "Daventry, ENG"]
[Date "2023.03.19"]
[Round "8.64"]
[White "Okhai, Shabir"]
[Black "Jackson, Sheila"]
[Result "1-0"]
[WhiteElo "2117"]
[BlackElo "2139"]
[PlyCount "133"]
[EventDate "2023.03.19"]
[WhiteTeam "The Rookies"]
[BlackTeam "Spirit of Atticus"]

1. e4 e5 2. Nf3 Nc6 3. Bc4 Nf6 4. d3 h6 5. O-O d6 6. c3 g5 7. Nbd2 Bg7 8. Bb3
O-O 9. h3 Nh5 10. Re1 Nf4 11. Nf1 Na5 12. Bc2 c5 13. d4 Nc6 14. Be3 b6 15. Ng3
Ne7 16. Nh2 cxd4 17. cxd4 Nc6 18. dxe5 dxe5 19. Nf3 Be6 20. Nf5 Qxd1 21. Rexd1
Nb4 22. Bb3 Bxb3 23. axb3 Nc2 24. Ra6 Nxe3 25. fxe3 Ne6 26. b4 Rfd8 27. Rxd8+
Nxd8 28. Nxg7 Kxg7 29. Nxe5 f6 30. Nc4 Nc6 31. b5 Nb8 32. Nxb6 Nxa6 33. Nxa8
Nc5 34. Kf2 Nxe4+ 35. Ke2 Nd6 36. b6 axb6 37. Nxb6 h5 38. Kd3 Kf7 39. Nc4 Nb5
40. Na3 Nd6 41. b4 Ke6 42. e4 h4 43. b5 f5 44. exf5+ Kxf5 45. b6 Kf4 46. Nc4
Nb7 47. Ne3 Kg3 48. Ke2 Nc5 49. Kf1 Nb7 50. Kg1 Kf4 51. Kf2 Nc5 52. Nd5+ Ke4
53. Nf6+ Kf4 54. Nh5+ Ke4 55. Ng7 Nb7 56. g3 Kd5 57. Kf3 hxg3 58. Kxg3 Kc6 59.
Kg4 Nd6 60. Kxg5 Kxb6 61. h4 Kc6 62. h5 Kd7 63. Kf6 Ne4+ 64. Kg6 Nd6 65. h6 Ke7
66. Nf5+ Nxf5 67. h7 1-0

[Event "4NCL Division Two"]
[Site "Daventry, ENG"]
[Date "2023.03.19"]
[Round "8.65"]
[White "Ackley, Peter J E"]
[Black "Agnew, Alan"]
[Result "0-1"]
[WhiteElo "2099"]
[BlackElo "2176"]
[PlyCount "62"]
[EventDate "2023.03.19"]
[WhiteTeam "Spirit of Atticus"]
[BlackTeam "The Rookies"]

1. Nf3 d5 2. g3 Nf6 3. Bg2 c6 4. O-O Bf5 5. b3 e6 6. Bb2 Be7 7. d3 h6 8. Nbd2
O-O 9. Qe1 a5 10. e4 Bh7 11. a4 Na6 12. Qe2 Nb4 13. Ne1 Nd7 14. e5 b5 15. f4
bxa4 16. Rxa4 Nc5 17. Ra1 a4 18. d4 axb3 19. dxc5 Rxa1 20. Bxa1 Bxc5+ 21. Kh1
bxc2 22. Nb3 Be7 23. f5 Bxf5 24. Rxf5 exf5 25. Nxc2 Nxc2 26. Qxc2 Qb6 27. Bd4
Qb4 28. Bc3 Qa4 29. Nd4 Qxc2 30. Nxc2 Rb8 31. Bf1 c5 0-1

[Event "4NCL Division Two"]
[Site "Daventry, ENG"]
[Date "2023.03.19"]
[Round "8.66"]
[White "Gibson, Christopher A"]
[Black "Doran, Chris"]
[Result "0-1"]
[WhiteElo "1842"]
[BlackElo "2011"]
[PlyCount "100"]
[EventDate "2023.03.19"]
[WhiteTeam "The Rookies"]
[BlackTeam "Spirit of Atticus"]

1. e4 c5 2. c3 Nf6 3. e5 Nd5 4. Nf3 Nc6 5. Bc4 Nb6 6. Bb3 d5 7. exd6 Qxd6 8.
O-O c4 9. Bc2 Bg4 10. Re1 Rd8 11. b3 Qf6 12. bxc4 Bxf3 13. Qxf3 Qxf3 14. gxf3
Nxc4 15. d4 e6 16. f4 g6 17. f5 gxf5 18. Bxf5 Be7 19. Be4 Nd6 20. Bf3 Nf5 21.
Nd2 h5 22. Nc4 Nh4 23. Bh1 Kf8 24. Rb1 Rd7 25. a4 Ng6 26. f4 Kg7 27. Re2 Rc8
28. Nb2 Bf6 29. Nd3 Rdc7 30. Bd2 b6 31. Ne5 Ncxe5 32. fxe5 Bh4 33. Bf3 Rh8 34.
Ra1 Kf8 35. a5 bxa5 36. Be4 Rg8 37. Kf1 Be7 38. Be1 Nf4 39. Rea2 Nh3 40. Bg2
Nf4 41. Be4 Nh3 42. Rg2 Ng5 43. Rb1 Rc8 44. Bd2 f5 45. exf6 Nxe4 46. Bh6+ Kf7
47. Rxg8 Rxg8 48. fxe7 Re8 49. Bf8 Nd2+ 50. Ke2 Nxb1 0-1

[Event "4NCL Division Two"]
[Site "Daventry, ENG"]
[Date "2023.03.19"]
[Round "8.67"]
[White "Phillips, David A"]
[Black "Jaszkiwskyj, Peter"]
[Result "1-0"]
[WhiteElo "2073"]
[BlackElo "1875"]
[PlyCount "103"]
[EventDate "2023.03.19"]
[WhiteTeam "Spirit of Atticus"]
[BlackTeam "The Rookies"]

1. Nf3 d5 2. g3 Nf6 3. Bg2 c5 4. c4 d4 5. b4 e6 6. O-O cxb4 7. a3 Nc6 8. d3
bxa3 9. Bxa3 Bxa3 10. Nxa3 O-O 11. Qb3 Re8 12. Rfb1 Re7 13. Nc2 a5 14. Qb6 Qxb6
15. Rxb6 e5 16. Nd2 Nd7 17. Rb5 Ndb8 18. Nb3 g6 19. Nxa5 Kg7 20. Nxc6 Rxa1+ 21.
Nxa1 Nxc6 22. Nb3 Re8 23. Nc5 Re7 24. Ne4 Na7 25. Rb2 Bg4 26. h3 Bf5 27. Nd6
Be6 28. Nxb7 Rc7 29. Nd8 Bd7 30. Rb7 Rxb7 31. Nxb7 Kf8 32. e3 Bf5 33. Nc5 Ke7
34. g4 dxe3 35. fxe3 Bc8 36. Kf2 f5 37. g5 Kd6 38. Nb7+ Kc7 39. Na5 Be6 40. h4
Kb6 41. Nb7 Kc7 42. Nc5 Bf7 43. Ke2 Kd6 44. Nb7+ Kc7 45. Kd2 e4 46. Nc5 exd3
47. Kxd3 Kd6 48. Kd4 Nc8 49. Nb7+ Kc7 50. c5 Ne7 51. Nd6 Ba2 52. Ne8+ 1-0

[Event "4NCL Division Two"]
[Site "Daventry, ENG"]
[Date "2023.03.19"]
[Round "8.68"]
[White "Pyun, Lindsay"]
[Black "Darling, Tom"]
[Result "0-1"]
[WhiteElo "1834"]
[BlackElo "1928"]
[PlyCount "81"]
[EventDate "2023.03.19"]
[WhiteTeam "The Rookies"]
[BlackTeam "Spirit of Atticus"]

1. e4 e5 2. Nf3 d5 3. exd5 Bd6 4. d4 e4 5. Nfd2 Nf6 6. c4 b6 7. Be2 O-O 8. Nc3
Re8 9. Nf1 Nbd7 10. Ng3 Bb7 11. O-O c5 12. Nb5 Bb8 13. Nf5 Nf8 14. dxc5 bxc5
15. Be3 a6 16. Nc3 Bd6 17. Na4 Rc8 18. Qb3 Ba8 19. Qa3 Qc7 20. Nxd6 Qxd6 21.
Nxc5 N8d7 22. Nxd7 Qxd7 23. Qxa6 Bb7 24. Qb6 Rb8 25. Qd4 Ng4 26. Bxg4 Qxg4 27.
d6 Rbd8 28. Rac1 f5 29. Qd1 Qh4 30. g3 Qh3 31. c5 Bc6 32. Qb3+ Kh8 33. Rfd1 f4
34. gxf4 Qg4+ 35. Kf1 Rb8 36. Qc3 Bb5+ 37. Rd3 Bxd3+ 38. Qxd3 exd3 39. c6 d2
40. Bxd2 Qe2+ 41. Kg1 0-1

[Event "4NCL Division Two"]
[Site "Milton Keynes, ENG"]
[Date "2023.04.29"]
[Round "9.11"]
[White "Olson, Hamish"]
[Black "Merry, Alan B"]
[Result "0-1"]
[WhiteElo "2304"]
[BlackElo "2434"]
[PlyCount "70"]
[EventDate "2023.04.29"]
[WhiteTeam "Alba"]
[BlackTeam "Barbican 4NCL"]

1. d4 Nf6 2. Nf3 d5 3. c4 e6 4. g3 Bb4+ 5. Bd2 Bd6 6. Bg2 O-O 7. O-O c6 8. Qc1
Nbd7 9. Bf4 Bxf4 10. gxf4 b6 11. cxd5 cxd5 12. Nc3 Bb7 13. Ne5 Ne8 14. a4 Nd6
15. a5 bxa5 16. Nxd7 Qxd7 17. Na4 Rfb8 18. Nc5 Qd8 19. Rd1 Bc8 20. Rd3 Rb4 21.
e3 Rab8 22. b3 Bd7 23. Rd2 Nb7 24. Bf1 g6 25. Rda2 Nxc5 26. Qxc5 a4 27. bxa4
Qh4 28. Qc2 a5 29. Qe2 Rb1 30. Qf3 e5 31. Qg3 Qxg3+ 32. fxg3 Bh3 33. Rxb1 Rxb1
34. Rf2 exd4 35. exd4 f5 0-1

[Event "4NCL Division Two"]
[Site "Milton Keynes, ENG"]
[Date "2023.04.29"]
[Round "9.12"]
[White "Taylor, Martin R"]
[Black "Gourlay, Iain"]
[Result "1/2-1/2"]
[WhiteElo "2351"]
[BlackElo "2297"]
[PlyCount "157"]
[EventDate "2023.04.29"]
[WhiteTeam "Barbican 4NCL"]
[BlackTeam "Alba"]

1. d4 d5 2. c4 c6 3. cxd5 cxd5 4. Nc3 Nf6 5. Bf4 Nc6 6. e3 Bg4 7. Qb3 Na5 8.
Qa4+ Bd7 9. Qc2 e6 10. Bd3 Rc8 11. Nf3 Bb4 12. O-O Nh5 13. Be5 Nc4 14. Rfc1 f6
15. Bg3 Nxg3 16. hxg3 f5 17. Bxc4 Rxc4 18. Ne5 Rc7 19. Qb3 Bd6 20. Nb5 Bxe5 21.
dxe5 Bxb5 22. Qxb5+ Qd7 23. Qb4 Kf7 24. g4 Rhc8 25. Rxc7 Qxc7 26. gxf5 exf5 27.
Qd4 Ke6 28. Qxa7 Kxe5 29. Qd4+ Ke6 30. Rd1 Rd8 31. Rd3 Rd7 32. Rb3 Qc4 33. Rb6+
Kf7 34. Qd1 Kg8 35. a3 Qc5 36. Qb3 Qc1+ 37. Kh2 Qc7+ 38. g3 h6 39. Kg2 Kh7 40.
Rb4 Qc6 41. Rb6 Qc7 42. Rb4 Qc6 43. Rd4 Qe6 44. a4 g6 45. Qd3 Qa6 46. Qa3 Qe6
47. b4 b6 48. a5 bxa5 49. bxa5 Qc6 50. Kg1 Rc7 51. Qb3 Rd7 52. Rb4 h5 53. Rb6
Qc1+ 54. Kg2 Qc4 55. Qb2 d4 56. a6 d3 57. Rb8 Kh6 58. Qf6 Qd5+ 59. Kh2 Qf3 60.
Rh8+ Rh7 61. Qf8+ Kg5 62. Qd8+ Kh6 63. Qf8+ Kg5 64. Qd8+ Kh6 65. Rxh7+ Kxh7 66.
Qxd3 Qxf2+ 67. Kh1 Qf3+ 68. Kh2 Qf2+ 69. Kh1 Qf3+ 70. Kg1 Qxg3+ 71. Kf1 Qf3+
72. Ke1 h4 73. a7 h3 74. Qd7+ Kh6 75. Qe8 Qg3+ 76. Ke2 Qh2+ 77. Ke1 Qg3+ 78.
Ke2 Qh2+ 79. Ke1 1/2-1/2

[Event "4NCL Division Two"]
[Site "Milton Keynes, ENG"]
[Date "2023.04.29"]
[Round "9.13"]
[White "Berry, Neil"]
[Black "Sowray, Peter J"]
[Result "1-0"]
[WhiteElo "2252"]
[BlackElo "2197"]
[PlyCount "81"]
[EventDate "2023.04.29"]
[WhiteTeam "Alba"]
[BlackTeam "Barbican 4NCL"]

1. d4 d5 2. c4 e6 3. Nf3 Nf6 4. g3 dxc4 5. Bg2 Nbd7 6. O-O Rb8 7. a4 a6 8. a5
Bd6 9. Nbd2 b5 10. axb6 Nxb6 11. Nxc4 Nxc4 12. Qa4+ Rb5 13. Qxc4 Bb7 14. Ne1
Rb4 15. Qc3 Nd5 16. Qd3 c5 17. dxc5 Bxc5 18. e4 Nf6 19. Qxd8+ Kxd8 20. Nd3 Rb5
21. Rd1 Ke7 22. Nxc5 Rxc5 23. b3 Rc7 24. Ba3+ Ke8 25. Rd6 Nxe4 26. Rb6 f5 27.
Rxe6+ Kf7 28. Re5 g6 29. Re1 Rhc8 30. f3 Nd2 31. Re7+ Kf6 32. Bb2+ Kg5 33. Rxc7
Rxc7 34. Bc1 Rxc1 35. Rxc1 Bxf3 36. Bxf3 Nxf3+ 37. Kf2 Nd2 38. b4 Nb3 39. Rc6
a5 40. Rc3 a4 41. b5 1-0

[Event "4NCL Division Two"]
[Site "Milton Keynes, ENG"]
[Date "2023.04.29"]
[Round "9.14"]
[White "Brett, Andrew R"]
[Black "McKay, Roderick M"]
[Result "0-1"]
[WhiteElo "2085"]
[BlackElo "2207"]
[PlyCount "130"]
[EventDate "2023.04.29"]
[WhiteTeam "Barbican 4NCL"]
[BlackTeam "Alba"]

1. c4 d6 2. Nc3 e5 3. Nf3 f5 4. d4 e4 5. Ng5 Be7 6. Nh3 Nf6 7. g3 c6 8. d5 Nbd7
9. Bg2 Ne5 10. b3 h5 11. Bb2 h4 12. Qc2 cxd5 13. cxd5 Bd7 14. Nf4 Qb6 15. Qd2
Nfg4 16. Nd1 Nxf2 17. Nxf2 e3 18. Qd4 exf2+ 19. Qxf2 Qa5+ 20. Kf1 Bf6 21. Qe1
Qb6 22. Bxe5 Bxe5 23. Rc1 Bxf4 24. gxf4 Qe3 25. Rc4 Rc8 26. Rxc8+ Bxc8 27. Bf3
Qxf4 28. Qc3 O-O 29. Rg1 g5 30. Qc4 Qxc4 31. Rxg5+ Kf7 32. bxc4 Rh8 33. Kf2 b6
34. Ke3 Kf6 35. Rg1 h3 36. Rc1 Ke5 37. Rc3 Rh7 38. Rc1 Ba6 39. Rc3 Rc7 40. Kd3
Rc5 41. e3 Ra5 42. a3 Rc5 43. a4 Ra5 44. Bd1 Rxd5+ 45. Ke2 Rc5 46. Kf3 Rxc4 47.
Rxc4 Bxc4 48. Kg3 Bf1 49. Bc2 a5 50. Kf2 Bg2 51. Bd3 f4 52. Bb5 d5 53. exf4+
Kxf4 54. Ke2 Be4 55. Kd2 d4 56. Bd7 Bf5 57. Bc6 Ke5 58. Bb5 Kd6 59. Ke2 Bd7 60.
Bxd7 Kxd7 61. Kd3 Kc6 62. Kc4 b5+ 63. axb5+ Kb6 64. Kxd4 Kxb5 65. Kc3 Kc5 0-1

[Event "4NCL Division Two"]
[Site "Milton Keynes, ENG"]
[Date "2023.04.29"]
[Round "9.15"]
[White "Shafi, Declan"]
[Black "Hodgson, John H"]
[Result "1-0"]
[WhiteElo "2177"]
[BlackElo "2072"]
[PlyCount "147"]
[EventDate "2023.04.29"]
[WhiteTeam "Alba"]
[BlackTeam "Barbican 4NCL"]

1. Nf3 Nf6 2. c4 g6 3. Nc3 d5 4. cxd5 Nxd5 5. h4 Nc6 6. h5 Bg7 7. g3 e5 8. Bg2
Nxc3 9. dxc3 Qxd1+ 10. Kxd1 Bf5 11. Nh4 O-O-O+ 12. Ke1 Bg4 13. Be3 a6 14. h6
Bf8 15. Nf3 f6 16. Nd2 Ne7 17. Ne4 Nd5 18. Bd2 Be7 19. a3 Be6 20. c4 Nb6 21. b3
Rhf8 22. Bb4 Bxb4+ 23. axb4 Kb8 24. Nc5 Bc8 25. e3 Rfe8 26. Ke2 Nd7 27. Ne4 f5
28. Nc3 Nf6 29. Ra2 e4 30. b5 Rd3 31. Rc1 Red8 32. Ke1 Ng4 33. Bf1 Ne5 34. Bxd3
Nxd3+ 35. Kd1 Nxc1+ 36. Kxc1 axb5 37. Nxb5 c6 38. Nd4 g5 39. Ra5 Rf8 40. Re5
Rf6 41. Kd2 Rxh6 42. Nxf5 Rf6 43. g4 Bxf5 44. gxf5 h5 45. Ke2 Kc7 46. Rxe4 Rxf5
47. Re7+ Kc8 48. Rh7 h4 49. b4 b5 50. c5 Rd5 51. Rg7 Kd8 52. Kf3 Rf5+ 53. Ke2
Rd5 54. f3 Kc8 55. Rh7 Kd8 56. Rg7 Kc8 57. e4 Rd4 58. Rxg5 Rxb4 59. Rh5 Rc4 60.
Kd3 Kd7 61. f4 h3 62. Rh7+ Ke8 63. Rxh3 Rxc5 64. Kd4 Rc4+ 65. Ke5 b4 66. f5 c5
67. Rh8+ Kf7 68. Rh7+ Kg8 69. Rb7 Rd4 70. Rb5 Rc4 71. f6 Kf7 72. Rb7+ Kf8 73.
Kf5 Rd4 74. e5 1-0

[Event "4NCL Division Two"]
[Site "Milton Keynes, ENG"]
[Date "2023.04.29"]
[Round "9.16"]
[White "Pert, Nina"]
[Black "White, Stuart A"]
[Result "0-1"]
[WhiteElo "2150"]
[BlackElo "2051"]
[PlyCount "68"]
[EventDate "2023.04.29"]
[WhiteTeam "Barbican 4NCL"]
[BlackTeam "Alba"]

1. e4 e6 2. d4 d5 3. Nd2 c5 4. exd5 Qxd5 5. Ngf3 cxd4 6. Bc4 Qd6 7. O-O Nf6 8.
Nb3 Nc6 9. Nbxd4 Nxd4 10. Nxd4 a6 11. a4 Qc7 12. Qe2 Bd6 13. h3 O-O 14. Be3 b6
15. Rfd1 e5 16. Nf3 Bb7 17. Nh4 Rfe8 18. Nf5 Bf8 19. Bb3 Qc6 20. Qf1 Rad8 21.
Nh4 Bd6 22. Bg5 Bc5 23. Nf5 Bc8 24. Ne3 h6 25. Bxf6 Qxf6 26. Nd5 Qg5 27. Rd3 e4
28. Rdd1 Bxh3 29. Nc7 e3 30. Bd5 exf2+ 31. Kh1 Bg4 32. Rd3 Rxd5 33. Nxd5 Qh5+
34. Rh3 Bxh3 0-1

[Event "4NCL Division Two"]
[Site "Milton Keynes, ENG"]
[Date "2023.04.29"]
[Round "9.17"]
[White "Roy, Ali"]
[Black "Pert, Max"]
[Result "0-1"]
[WhiteElo "1925"]
[BlackElo "2071"]
[PlyCount "132"]
[EventDate "2023.04.29"]
[WhiteTeam "Alba"]
[BlackTeam "Barbican 4NCL"]

1. Nf3 d5 2. g3 Nf6 3. Bg2 c5 4. d3 Nc6 5. Nbd2 e5 6. e4 d4 7. Nc4 Qc7 8. a4 h6
9. O-O Be6 10. Qe2 g5 11. h4 g4 12. Nfd2 Be7 13. b3 O-O-O 14. Bb2 Rhg8 15. Rfb1
Nh5 16. Bc1 Nf4 17. gxf4 exf4 18. Nf3 gxf3 19. Qxf3 Rg4 20. Kf1 Rxh4 21. e5 Bd5
22. Nd6+ Bxd6 23. Qxd5 Nxe5 24. Bd2 Qc6 25. Qxc6+ bxc6 26. Ke2 Re8 27. Be4 Ng4
28. Rh1 Rxh1 29. Rxh1 f5 30. Rh4 h5 31. f3 Nf6 32. Bxf4 Kc7 33. Bxd6+ Kxd6 34.
Rf4 Nxe4 35. fxe4 fxe4 36. dxe4 Re5 37. Kd3 Rg5 38. Rf6+ Ke5 39. Rxc6 Rg3+ 40.
Kd2 Kxe4 41. Rxc5 h4 42. Rh5 h3 43. Ke2 Rg2+ 44. Kf1 Rh2 45. b4 Ke3 46. Kg1
Rxc2 47. Rxh3+ Kd2 48. Rh7 d3 49. Rd7 Rc4 50. Kf2 Rf4+ 51. Kg3 Rxb4 52. a5 Kc3
53. Kf3 Rd4 54. Rc7+ Rc4 55. Rd7 Kc2 56. Ke3 Rc3 57. a6 Rc6 58. Rd5 Re6+ 59.
Kd4 d2 60. Rc5+ Kb3 61. Kd5 Re1 62. Kc6 d1=Q 63. Kb7 Qd7+ 64. Rc7 Qxc7+ 65.
Kxc7 Kb4 66. Kb7 Re7+ 0-1

[Event "4NCL Division Two"]
[Site "Milton Keynes, ENG"]
[Date "2023.04.29"]
[Round "9.18"]
[White "Bhatia, Kanwal K"]
[Black "Vijayakumar, Rishi"]
[Result "1-0"]
[WhiteElo "1952"]
[BlackElo "1846"]
[PlyCount "73"]
[EventDate "2023.04.29"]
[WhiteTeam "Barbican 4NCL"]
[BlackTeam "Alba"]

1. e4 c6 2. d4 d5 3. Nd2 dxe4 4. Nxe4 Bf5 5. Ng3 Bg6 6. h4 h6 7. h5 Bh7 8. Nf3
Nd7 9. Bd3 Bxd3 10. Qxd3 e6 11. Bd2 Ngf6 12. O-O-O Be7 13. Kb1 Qb6 14. Rhe1 Rd8
15. Bc1 O-O 16. Nf5 Bb4 17. c3 exf5 18. cxb4 Ne4 19. Be3 Rfe8 20. Qb3 Qb5 21.
d5 Nb6 22. dxc6 Qxc6 23. Rc1 Qf6 24. g3 Nd5 25. Bd4 Qxd4 26. Nxd4 Nd2+ 27. Kc2
Nxb3 28. Kxb3 Rxe1 29. Rxe1 Nxb4 30. Nxf5 Nd3 31. Re7 Rd5 32. g4 Re5 33. Rc7 a6
34. Nd6 Nc5+ 35. Ka3 b6 36. Rc8+ Kh7 37. Nxf7 1-0

[Event "4NCL Division Two"]
[Site "Milton Keynes, ENG"]
[Date "2023.04.29"]
[Round "9.21"]
[White "Cherniaev, Alexander"]
[Black "Dishman, Stephen"]
[Result "1-0"]
[WhiteElo "2509"]
[BlackElo "2267"]
[PlyCount "143"]
[EventDate "2023.04.29"]
[WhiteTeam "Barnet Knights A"]
[BlackTeam "KJCA Kings"]

1. e4 c6 2. d4 d5 3. Nc3 dxe4 4. Nge2 Nf6 5. Ng3 Bg4 6. Qd2 e6 7. Ncxe4 Nxe4 8.
Nxe4 Bf5 9. Ng3 Bg6 10. h4 h6 11. Bd3 Bxd3 12. Qxd3 c5 13. Be3 cxd4 14. O-O-O
Nc6 15. Bxd4 Qxd4 16. Qxd4 Nxd4 17. Rxd4 Bc5 18. Rd2 Rd8 19. Ne4 Rxd2 20. Kxd2
Be7 21. Ke2 f5 22. Nd2 Bf6 23. Rh3 Kd7 24. h5 Rc8 25. c3 b5 26. Rd3+ Ke7 27.
Nb3 Rc4 28. Na5 Rc7 29. f4 Rc5 30. Kf3 Rc7 31. g3 Rc5 32. Ke3 Rc7 33. Kd2 e5
34. Ke3 Ke6 35. fxe5 Kxe5 36. Nb3 Bg5+ 37. Kf3 a6 38. Nd4 b4 39. Ne2 a5 40. b3
bxc3 41. Nxc3 Rc5 42. a3 Bc1 43. b4 axb4 44. axb4 Rc4 45. Ne2 Bg5 46. Rb3 Kd6
47. b5 Kc7 48. b6+ Kb7 49. Rb5 Rc6 50. Rxf5 Kxb6 51. Kg4 Rc2 52. Re5 Bf6 53.
Re3 Kc7 54. Nf4 Kd7 55. Kf5 Rc5+ 56. Kg6 Rg5+ 57. Kf7 Be5 58. Rd3+ Kc6 59. Kg8
Bxf4 60. gxf4 Rxh5 61. Kxg7 Rf5 62. Rd4 Kc5 63. Ra4 Kd6 64. Kg6 Rf8 65. f5 h5
66. Re4 h4 67. f6 Rg8+ 68. Kf5 h3 69. f7 Rf8 70. Kf6 h2 71. Rh4 Kd7 72. Rxh2
1-0

[Event "4NCL Division Two"]
[Site "Milton Keynes, ENG"]
[Date "2023.04.29"]
[Round "9.22"]
[White "Harakis, Alexis M"]
[Black "Rocco, Federico"]
[Result "1-0"]
[WhiteElo "2268"]
[BlackElo "2182"]
[PlyCount "61"]
[EventDate "2023.04.29"]
[WhiteTeam "KJCA Kings"]
[BlackTeam "Barnet Knights A"]

1. d4 Nf6 2. c4 e6 3. Nc3 Bb4 4. e3 O-O 5. Bd3 d5 6. cxd5 exd5 7. a3 Bxc3+ 8.
bxc3 c5 9. Ne2 b6 10. O-O Ba6 11. Bxa6 Nxa6 12. Qd3 c4 13. Qc2 Re8 14. f3 Nc7
15. Bd2 Nb5 16. Ng3 h5 17. Rae1 Qd7 18. e4 h4 19. Nf5 h3 20. gxh3 Nxa3 21. Qc1
dxe4 22. fxe4 Nxe4 23. Bh6 Nd6 24. Nxg7 Rxe1 25. Rxe1 Qxh3 26. Qg5 Kh7 27. Nh5
Nf5 28. Re7 Qxh5 29. Qxh5 Nxe7 30. Bf8+ Kg8 31. Bxe7 1-0

[Event "4NCL Division Two"]
[Site "Milton Keynes, ENG"]
[Date "2023.04.29"]
[Round "9.23"]
[White "Villiers, Thomas"]
[Black "Verma, Aditya"]
[Result "1-0"]
[WhiteElo "2160"]
[BlackElo "2252"]
[PlyCount "59"]
[EventDate "2023.04.29"]
[WhiteTeam "Barnet Knights A"]
[BlackTeam "KJCA Kings"]

1. e4 c5 2. Nc3 Nc6 3. Bb5 Nd4 4. Nf3 g6 5. Nxd4 cxd4 6. Ne2 Bg7 7. c3 dxc3 8.
bxc3 a6 9. Ba4 b5 10. Bc2 Bb7 11. d4 d6 12. O-O Nf6 13. f3 O-O 14. Be3 Qc7 15.
Qd2 Rfc8 16. Rab1 Nd7 17. a4 Nb6 18. axb5 Nc4 19. Qc1 axb5 20. Bd3 Ra5 21. Bh6
Bh8 22. f4 Bc6 23. f5 Be8 24. Nf4 Na3 25. Nd5 Qa7 26. f6 exf6 27. Qf4 f5 28.
Qxd6 Bxd4+ 29. cxd4 Qxd4+ 30. Kh1 1-0

[Event "4NCL Division Two"]
[Site "Milton Keynes, ENG"]
[Date "2023.04.29"]
[Round "9.24"]
[White "Hand, Freddie"]
[Black "Stoica, Savas Marin"]
[Result "1-0"]
[WhiteElo "2183"]
[BlackElo "2249"]
[PlyCount "101"]
[EventDate "2023.04.29"]
[WhiteTeam "KJCA Kings"]
[BlackTeam "Barnet Knights A"]

1. d4 Nf6 2. c4 g6 3. f3 d5 4. cxd5 Nxd5 5. e4 Nb6 6. Nc3 Bg7 7. Be3 O-O 8. Qd2
e5 9. d5 c6 10. Rd1 cxd5 11. exd5 N8d7 12. Nh3 e4 13. f4 Nf6 14. Nf2 Bd7 15.
Be2 Re8 16. g4 Qc8 17. h3 Nc4 18. Bxc4 Qxc4 19. Qe2 Qb4 20. O-O Rac8 21. Rd4
Qa5 22. Rfd1 b5 23. a3 Rxc3 24. bxc3 Qxc3 25. R4d2 a5 26. Ra2 Qb3 27. Qd2 Rd8
28. Qxa5 Rc8 29. Qd2 Rc3 30. Rb2 Qxa3 31. Ra2 Qb3 32. Rb2 Qc4 33. Bd4 Rg3+ 34.
Kh2 Rf3 35. Rc2 Qb3 36. Rc3 Rxc3 37. Qxc3 Qxc3 38. Bxc3 e3 39. Bxf6 Bxf6 40.
Ne4 Bh4 41. Ng3 Bd8 42. Kg2 Kf8 43. Kf3 Bb6 44. Nf1 h5 45. Nxe3 Bxe3 46. Kxe3
hxg4 47. hxg4 Bxg4 48. Rb1 Bd7 49. Kd4 Ke7 50. Kc5 f6 51. Re1+ 1-0

[Event "4NCL Division Two"]
[Site "Milton Keynes, ENG"]
[Date "2023.04.29"]
[Round "9.25"]
[White "Josse, Mark"]
[Black "Merriman, James"]
[Result "1-0"]
[WhiteElo "2160"]
[BlackElo "2203"]
[PlyCount "71"]
[EventDate "2023.04.29"]
[WhiteTeam "Barnet Knights A"]
[BlackTeam "KJCA Kings"]

{[%evp 0,1,27,30]} 1. e4 e6 2. d4 d5 3. Nd2 Be7 4. Ngf3 Nf6 5. e5 Nfd7 6. Bd3
c5 7. c3 Nc6 8. O-O a5 9. Re1 cxd4 10. cxd4 Qb6 11. Nb1 Nxd4 12. Nxd4 Qxd4 13.
Nc3 Qb6 14. Qg4 Kf8 15. Nb5 Nc5 16. Be3 Bd7 17. Nd6 Bxd6 18. exd6 Qxd6 19. Qg3
Ke7 20. Bg5+ f6 21. Bxf6+ gxf6 22. Qg7+ Ke8 23. Qxh8+ Qf8 24. Qxh7 Kd8 25. Rac1
b6 26. Re3 Kc7 27. Rxe6 Qg8 28. Qxg8 Rxg8 29. Rxf6 Bc6 30. h4 d4 31. Bg6 Rd8
32. h5 d3 33. h6 d2 34. Rd1 Bb5 35. h7 Be2 36. Rxd2 1-0

[Event "4NCL Division Two"]
[Site "Milton Keynes, ENG"]
[Date "2023.04.29"]
[Round "9.26"]
[White "Verma, Shlok"]
[Black "Badacsonyi, Stanley"]
[Result "1/2-1/2"]
[WhiteElo "2055"]
[BlackElo "2154"]
[PlyCount "102"]
[EventDate "2023.04.29"]
[WhiteTeam "KJCA Kings"]
[BlackTeam "Barnet Knights A"]

1. d4 Nf6 2. c4 c5 3. d5 b5 4. cxb5 a6 5. bxa6 g6 6. Nc3 Bg7 7. e4 O-O 8. Nf3
Qa5 9. Bd2 Bxa6 10. g3 Bxf1 11. Kxf1 Qa6+ 12. Kg2 d6 13. Qc2 Nbd7 14. a4 Rfb8
15. Nb5 Qb6 16. Bc3 e6 17. Rad1 exd5 18. exd5 Ra6 19. b3 Qb7 20. Qb2 c4 21.
bxc4 Rxa4 22. Qc2 Rba8 23. Ra1 Rxa1 24. Rxa1 Rxa1 25. Bxa1 Nxd5 26. Bxg7 Kxg7
27. Nxd6 Qc6 28. Qb2+ N5f6 29. Ne8+ Kf8 30. Nxf6 Qxf6 31. Qxf6 Nxf6 32. Nd2 Nd7
33. Kf3 Ke7 34. Ke3 Ne5 35. h3 f6 36. Kd4 Ke6 37. f4 Nc6+ 38. Kc5 Na5 39. Kb6
Nxc4+ 40. Nxc4 Kd5 41. Nd2 Kd4 42. Kc6 Ke3 43. Kd6 Kxd2 {(=)} 44. g4 Ke3 45. f5
Kf4 46. Ke6 Kg5 47. h4+ Kxg4 48. fxg6 hxg6 49. Kxf6 Kh5 50. Kg7 g5 51. hxg5
Kxg5 1/2-1/2

[Event "4NCL Division Two"]
[Site "Milton Keynes, ENG"]
[Date "2023.04.29"]
[Round "9.27"]
[White "Willmoth, Robert F"]
[Black "Bansal, Rohan"]
[Result "1-0"]
[WhiteElo "2135"]
[BlackElo "2088"]
[PlyCount "85"]
[EventDate "2023.04.29"]
[WhiteTeam "Barnet Knights A"]
[BlackTeam "KJCA Kings"]

1. Nf3 Nf6 2. e3 d5 3. c4 g6 4. Nc3 Bg7 5. cxd5 Nxd5 6. Qb3 Nb6 7. d4 O-O 8.
Bd2 a5 9. Rc1 Be6 10. Qd1 h6 11. a4 c6 12. Be2 Na6 13. Ne4 Nd7 14. Bc3 Qb6 15.
Ned2 Nb4 16. Nc4 Qa7 17. Ra1 Rfd8 18. Qd2 c5 19. O-O Rac8 20. Rfc1 Nb6 21. Nxb6
Qxb6 22. Qe1 cxd4 23. Nxd4 Bd5 24. h3 Be4 25. Qf1 e5 26. Nf3 Nd3 27. Bxd3 Bxd3
28. Qe1 Qe6 29. Bxa5 Re8 30. Bc3 e4 31. Nd4 Bxd4 32. Bxd4 f5 33. Qb4 Qf7 34.
Qb6 Kh7 35. h4 g5 36. Rc5 Rxc5 37. Qxc5 f4 38. Rc1 f3 39. Qd6 Re6 40. Rc7 Rxd6
41. Rxf7+ Kg6 42. Rxb7 Kf5 43. Rf7+ 1-0

[Event "4NCL Division Two"]
[Site "Milton Keynes, ENG"]
[Date "2023.04.29"]
[Round "9.28"]
[White "Chaban, Roxolana"]
[Black "Weber, Madeline"]
[Result "0-1"]
[WhiteElo "1766"]
[BlackElo "2105"]
[PlyCount "68"]
[EventDate "2023.04.29"]
[WhiteTeam "KJCA Kings"]
[BlackTeam "Barnet Knights A"]

1. e4 e6 2. d4 d5 3. Nd2 c5 4. exd5 Qxd5 5. Ngf3 cxd4 6. Bc4 Qd7 7. a4 Nc6 8.
O-O Nf6 9. Nb3 Qc7 10. Nbxd4 Nxd4 11. Qxd4 Bc5 12. Bb5+ Ke7 13. Qe5 Qxe5 14.
Nxe5 Rd8 15. Nd3 Bd6 16. Bf4 a6 17. Bc4 Bxf4 18. Nxf4 Rd4 19. Bxe6 Bxe6 20. Nd3
Rc8 21. Rac1 Rxa4 22. Rfe1 Kf8 23. g3 Rac4 24. c3 Rd8 25. Nf4 Rd2 26. Nxe6+
fxe6 27. Rb1 Kf7 28. Re3 Re4 29. Rf3 Ree2 30. b3 Ke7 31. Rf1 Rb2 32. c4 Ne4 33.
Rf4 Rxb3 34. Rd1 g5 0-1

[Event "4NCL Division Two"]
[Site "Milton Keynes, ENG"]
[Date "2023.04.29"]
[Round "9.31"]
[White "Kosten, Anthony C."]
[Black "Cumming, Rhys"]
[Result "1-0"]
[WhiteElo "2354"]
[BlackElo "2360"]
[PlyCount "81"]
[EventDate "2023.04.29"]
[WhiteTeam "The ADs"]
[BlackTeam "Sussex Martlets 1"]

1. c4 Nf6 2. Nc3 e5 3. Nf3 e4 4. Nd4 Nc6 5. e3 Bb4 6. Qb3 Bxc3 7. Qxc3 O-O 8.
Nxc6 dxc6 9. b3 Nd7 10. Bb2 Qf6 11. Qxf6 Nxf6 12. Be5 Ne8 13. d3 Bf5 14. dxe4
Bxe4 15. f3 Bg6 16. O-O-O f6 17. Bf4 Nd6 18. e4 Rfd8 19. Be2 Ne8 20. g4 c5 21.
h4 Kf8 22. h5 Bf7 23. e5 fxe5 24. Bxe5 Nd6 25. Bd3 Kg8 26. f4 Be8 27. h6 g6 28.
f5 gxf5 29. gxf5 Rd7 30. Rhg1+ Kf8 31. Rde1 Bh5 32. Bc2 Re8 33. Rg5 Bf3 34.
Bxd6+ Rxd6 35. Rxe8+ Kxe8 36. Rg8+ Kf7 37. Rg7+ Kf8 38. Rxh7 Bc6 39. Rh8+ Kf7
40. h7 Rh6 41. f6 1-0

[Event "4NCL Division Two"]
[Site "Milton Keynes, ENG"]
[Date "2023.04.29"]
[Round "9.32"]
[White "Blake, J Morgan"]
[Black "Davies, Nigel R"]
[Result "0-1"]
[WhiteElo "2130"]
[BlackElo "2381"]
[PlyCount "26"]
[EventDate "2023.04.29"]
[WhiteTeam "Sussex Martlets 1"]
[BlackTeam "The ADs"]

1. e4 e6 2. d4 d5 3. Nd2 Be7 4. Bd3 c5 5. dxc5 Nf6 6. Qe2 a5 7. Ngf3 Na6 8. e5
Nd7 9. Bb5 O-O 10. c6 bxc6 11. Bxc6 Nb4 12. Nd4 Ba6 13. c4 Bc5 0-1